000 01023nam a2200289 i 4500
001 12659
003 ES-MaACL
005 20230906150352.0
007 t|
008 870928s1986 sp ||||0| spa j ..|
015 _a1988-ENE-1988-DIC-13215
016 7 _zSAB9000002549
040 _aM-BN-DP
_bspa
_cM-BN-DP
080 _a75 Bardasano, José(064.3)
245 0 0 _aBardasano (1910-1979)
_b: [exposición].
260 _aMadrid :
_bCentro Cultural del Conde Duque :
_bAyuntamiento de Madrid, Concejalía de Cultura,
_cD.L. 1986.
300 _a252 p :
_bil. col. y n ;
_c23 cm.
504 _aBibliografía: p. 247-252.
600 1 4 _aBardasano, José (
_d1910-1979)-
_vExposiciones.
_925575
655 7 _2tgfbne
_9193628
_aCatálogos de exposiciones
700 1 _aBardasano, José (
_d1910-1979)
_925574
710 2 _aCentro Cultural del Conde Duque.
_92579
710 1 _aMadrid.
_bConcejalía de Cultura.
_95574
852 _aES-MaACL
_jL-20063
_bR.117103
942 _2udc
999 _c12659
_d12659